[Event "Titled Tuesday intern op 02nd Apr Early"]
[Site "Chess.com INT"]
[Date "2024.04.02"]
[Round "4"]
[White "Gurevich, Dmitry"]
[Black "Galaktionov, Artem"]
[Result "1/2-1/2"]
[WhiteElo "2357"]
[BlackElo "2338"]
[PlyCount "132"]
[EventDate "2024.04.02"]
[EventType "swiss (blitz)"]
[EventRounds "11"]
[EventCountry "USA"]
[SourceTitle "CB15_2024"]
[SourceDate "2024.04.10"]
[SourceVersion "1"]
[SourceVersionDate "2024.04.10"]
[SourceQuality "1"]

1. d4 c6 2. Bf4 g6 3. e3 d6 4. c4 Bg7 5. Nc3 Nd7 6. h3 e5 7. dxe5 dxe5 8. Bg3 Ngf6 9. Nf3 Qe7 10. Be2 0-0 11. 0-0 Re8 12. a3 a5 13. Rb1 Nh5 14. Bh2 f5 15. b4 axb4 16. axb4 Nhf6 17. c5 h6 18. Nd2 b6 19. cxb6 Nxb6 20. Nc4 Nxc4 21. Bxc4+ Kh7 22. Qb3 Rb8 23. Rfc1 Bd7 24. Na4 Ne4 25. Rb2 Red8 26. Bd3 Be6 27. Qa3 Bd5 28. Bxe4 Bxe4 29. Nc5 Bd5 30. Rbc2 Ra8 31. Qc3 e4 32. Qe1 Ra3 33. Bg3 Rda8 34. h4 Ra1 35. Rxa1 Rxa1 36. Rc1 Ra2 37. Qd1 Rb2 38. Rb1 Rxb1 39. Qxb1 Qa7 40. Nb3 Bc3 41. Bd6 Qa4 42. Nd4 Kg7 43. b5 cxb5 44. Qxb5 Qxb5 45. Nxb5 Bf6 46. g3 Bc4 47. Nd4 Kf7 48. Bb4 Bd8 49. Kg2 Bd3 50. Bc3 Bc7 51. Nc6 Ke6 52. Nb4 Bb5 53. Nc2 Bd7 54. Bg7 h5 55. Bc3 Kd5 56. Bf6 Kc4 57. Nd4 Kd3 58. Bg5 Be5 59. Bf4 Bf6 60. Bg5 Bg7 61. Bf4 Kd2 62. Bg5 Ke1 63. Bf4 Kd2 64. Bg5 Kd3 65. Bf4 Bc8 66. Bg5 Bd7 1/2-1/2

[Event "Titled Tuesday intern op 02nd Apr Early"]
[Site "Chess.com INT"]
[Date "2024.04.02"]
[Round "1"]
[White "Gurevich, Dmitry"]
[Black "Kriti, Mayur Patel"]
[Result "1-0"]
[WhiteElo "2357"]
[BlackElo "1787"]
[PlyCount "63"]
[EventDate "2024.04.02"]
[EventType "swiss (blitz)"]
[EventRounds "11"]
[EventCountry "USA"]
[SourceTitle "CB15_2024"]
[SourceDate "2024.04.10"]
[SourceVersion "1"]
[SourceVersionDate "2024.04.10"]
[SourceQuality "1"]

1. d4 d5 2. c4 e6 3. Nc3 Nf6 4. Nf3 Be7 5. g3 0-0 6. Bg2 dxc4 7. 0-0 a6 8. Ne5 c5 9. dxc5 Bxc5 10. Nxc4 Qc7 11. Bf4 Qe7 12. Bd6 Bxd6 13. Qxd6 Qxd6 14. Nxd6 Nc6 15. Na4 Rd8 16. Nb6 Rb8 17. Ndxc8 Rbxc8 18. Nxc8 Rxc8 19. Bxc6 bxc6 20. Rac1 h6 21. Rfd1 c5 22. Rc4 Kf8 23. Rdc1 Nd7 24. b4 Ke7 25. bxc5 Ne5 26. Ra4 Rc6 27. Rb4 Nd7 28. Rb7 Kd8 29. Rd1 Rc7 30. c6 Rxb7 31. cxb7 Kc7 32. Rxd7+ 1-0

[Event "Titled Tuesday intern op 02nd Apr Early"]
[Site "Chess.com INT"]
[Date "2024.04.02"]
[Round "6"]
[White "Kopczynski, Michal"]
[Black "Gurevich, Dmitry"]
[Result "0-1"]
[WhiteElo "2225"]
[BlackElo "2357"]
[PlyCount "44"]
[EventDate "2024.04.02"]
[EventType "swiss (blitz)"]
[EventRounds "11"]
[EventCountry "USA"]
[SourceTitle "CB15_2024"]
[SourceDate "2024.04.10"]
[SourceVersion "1"]
[SourceVersionDate "2024.04.10"]
[SourceQuality "1"]

1. e4 c5 2. d4 cxd4 3. c3 dxc3 4. Nxc3 d6 5. f4 e6 6. Nf3 Nf6 7. Bd3 Be7 8. 0-0 0-0 9. Kh1 Nc6 10. Qe1 b6 11. Be3 Nb4 12. Bb1 Ba6 13. Rg1 Nd3 14. Qd2 Nc5 15. b4 Ncd7 16. Rd1 Bb7 17. e5 dxe5 18. fxe5 Ng4 19. Bf4 Bxb4 20. Qc2 g6 21. Ne4 Bxe4 22. Qxe4 Nf2+ 0-1

[Event "Titled Tuesday intern op 02nd Apr Early"]
[Site "Chess.com INT"]
[Date "2024.04.02"]
[Round "9"]
[White "Krawczyk, Flawian"]
[Black "Gurevich, Dmitry"]
[Result "1/2-1/2"]
[WhiteElo "2315"]
[BlackElo "2357"]
[PlyCount "92"]
[EventDate "2024.04.02"]
[EventType "swiss (blitz)"]
[EventRounds "11"]
[EventCountry "USA"]
[SourceTitle "CB15_2024"]
[SourceDate "2024.04.10"]
[SourceVersion "1"]
[SourceVersionDate "2024.04.10"]
[SourceQuality "1"]

1. d4 Nf6 2. c4 a6 3. Nf3 e6 4. Nc3 c5 5. g3 cxd4 6. Nxd4 Qc7 7. Qd3 Nc6 8. Nxc6 Qxc6 9. e4 Bb4 10. Bg2 Qc7 11. 0-0 Be7 12. Bf4 d6 13. Rfd1 e5 14. Bg5 Be6 15. Nd5 Nxd5 16. exd5 Bg4 17. Bxe7 Bxd1 18. Bxd6 Qxd6 19. Rxd1 0-0 20. Qe3 Rac8 21. g4 Rxc4 22. Be4 g6 23. f3 Qc5 24. Qxc5 Rxc5 25. Kf2 f5 26. gxf5 gxf5 27. Bb1 Kf7 28. Bxf5 Kf6 29. Bxh7 Rh8 30. Be4 Rxh2+ 31. Kg3 Rxb2 32. Rh1 Rc8 33. Rh6+ Ke7 34. d6+ Kf7 35. Rh7+ Ke6 36. Rh6+ Kf7 37. Bd5+ Kg7 38. Re6 Rd8 39. Kg4 Rb6 40. Re7+ Kf6 41. Re6+ Kg7 42. Re7+ Kf8 43. Rf7+ Ke8 44. Re7+ Kf8 45. Rf7+ Ke8 46. Re7+ Kf8 1/2-1/2

[Event "Titled Tuesday intern op 12th Mar Early"]
[Site "Chess.com INT"]
[Date "2024.03.12"]
[Round "8"]
[White "Gurevich, Dmitry"]
[Black "Koshulyan, Egor A"]
[Result "1-0"]
[WhiteElo "2357"]
[BlackElo "2176"]
[PlyCount "91"]
[EventDate "2024.03.12"]
[EventType "swiss (blitz)"]
[EventRounds "11"]
[EventCountry "USA"]
[SourceTitle "CB12_2024"]
[SourceDate "2023.10.01"]
[SourceVersion "1"]
[SourceVersionDate "2023.10.01"]
[SourceQuality "1"]

1. d4 Nf6 2. c4 e5 3. dxe5 Ng4 4. Bf4 Bb4+ 5. Nc3 Nc6 6. Nf3 Qe7 7. Qd5 Bxc3+ 8. bxc3 f6 9. exf6 Nxf6 10. Qd3 d6 11. g3 0-0 12. Bg2 Ne5 13. Bxe5 dxe5 14. 0-0 e4 15. Qe3 Bf5 16. h3 c5 17. Nh4 Be6 18. f4 Bxc4 19. Nf5 Qc7 20. g4 Rfe8 21. Rae1 Rad8 22. g5 Nd5 23. Qg3 Qf7 24. Ne3 Nxc3 25. Nxc4 Qxc4 26. Qe3 Nd5 27. Qb3 Qxb3 28. axb3 Ne3 29. Rf2 Nc2 30. Rc1 Rd2 31. e3 Red8 32. Rxc2 Rxc2 33. Rxc2 Rd3 34. Rxc5 Rxe3 35. Rc8+ Kf7 36. Rc7+ Kg6 37. Rxb7 Re2 38. Kf1 Re3 39. Kf2 Rc3 40. Bxe4+ Kh5 41. Rxg7 h6 42. Bf3+ Kh4 43. gxh6 a5 44. h7 Rc8 45. Rg8 Rc2+ 46. Be2 1-0

[Event "Titled Tuesday intern op 12th Mar Early"]
[Site "Chess.com INT"]
[Date "2024.03.12"]
[Round "9"]
[White "Gurevich, Dmitry"]
[Black "Putnam, Liam H"]
[Result "0-1"]
[WhiteElo "2357"]
[BlackElo "2323"]
[PlyCount "92"]
[EventDate "2024.03.12"]
[EventType "swiss (blitz)"]
[EventRounds "11"]
[EventCountry "USA"]
[SourceTitle "CB12_2024"]
[SourceDate "2023.10.01"]
[SourceVersion "1"]
[SourceVersionDate "2023.10.01"]
[SourceQuality "1"]

1. d4 Nf6 2. c4 g6 3. Nc3 Bg7 4. e4 d6 5. Nf3 0-0 6. Be2 e5 7. 0-0 Na6 8. Re1 Qe7 9. d5 Nc5 10. Bf1 a5 11. h3 a4 12. Bd2 Bd7 13. Qc2 Nh5 14. b4 axb3 15. axb3 Nf4 16. Rxa8 Rxa8 17. b4 Na6 18. Nb5 c6 19. Na3 cxd5 20. exd5 Bf5 21. Qb3 Qf6 22. c5 dxc5 23. Bxa6 Qxa6 24. Nc4 b5 25. Ncxe5 c4 26. Qe3 Nxd5 27. Qc5 Be6 28. Ng5 Rc8 29. Qd4 c3 30. Bc1 h6 31. Nxe6 Qxe6 32. f4 c2 33. Qd3 Nxb4 34. Qxb5 Nd5 35. Qd3 g5 36. f5 Qb6+ 37. Kh1 Nb4 38. Qb3 Qb7 39. f6 Bxf6 40. Ng4 Bg7 41. Rf1 Rc3 42. Qa4 Rxh3+ 43. Kg1 Bd4+ 44. Be3 Bxe3+ 45. Nxe3 Rxe3 46. Qa1 Re2 0-1

[Event "Titled Tuesday intern op 12th Mar Late"]
[Site "Chess.com INT"]
[Date "2024.03.12"]
[Round "4"]
[White "Gurevich, Dmitry"]
[Black "Rustemov, Alexander"]
[Result "1/2-1/2"]
[WhiteElo "2357"]
[BlackElo "2525"]
[PlyCount "119"]
[EventDate "2024.03.12"]
[EventType "swiss (blitz)"]
[EventRounds "11"]
[EventCountry "USA"]
[SourceTitle "CB12_2024"]
[SourceDate "2023.10.01"]
[SourceVersion "1"]
[SourceVersionDate "2023.10.01"]
[SourceQuality "1"]

1. d4 g6 2. c4 Bg7 3. e4 d6 4. Nc3 Nc6 5. Nge2 e5 6. Be3 f5 7. d5 Nce7 8. f3 Nf6 9. Qd2 0-0 10. h3 f4 11. Bf2 b6 12. 0-0-0 a5 13. Kb1 Bd7 14. Nc1 g5 15. Nd3 h5 16. Rc1 Ng6 17. Be2 Rf7 18. b3 Bf8 19. a3 Rh7 20. Kb2 g4 21. hxg4 hxg4 22. Rxh7 Kxh7 23. b4 g3 24. Bg1 Nh4 25. Bf1 Be7 26. c5 axb4 27. axb4 bxc5 28. bxc5 Qb8+ 29. Kc2 Ba4+ 30. Nxa4 Rxa4 31. Nb2 Ra2 32. Rb1 dxc5 33. Bc4 Ra3 34. Nd3 Qa7 35. Nxe5 Bd6 36. Nc6 Qa4+ 37. Bb3 Rxb3 38. Rxb3 c4 39. Qc3 Qxb3+ 40. Qxb3 cxb3+ 41. Kxb3 Nxg2 42. e5 Nxd5 43. exd6 cxd6 44. Kc4 Nf6 45. Kd3 Nh4 46. Ke2 Kg6 47. Nd4 Nh7 48. Nc2 Ng5 49. Ne1 Kf5 50. Bd4 Ke6 51. Bc3 Kd5 52. Bf6 Nhxf3 53. Nxf3 Nxf3 54. Kxf3 Ke6 55. Bg5 Kf5 56. Bxf4 g2 57. Be3 d5 58. Kxg2 Ke4 59. Ba7 d4 60. Bxd4 1/2-1/2

[Event "Titled Tuesday intern op 12th Mar Late"]
[Site "Chess.com INT"]
[Date "2024.03.12"]
[Round "3"]
[White "Melikhov, Evgeny V"]
[Black "Gurevich, Dmitry"]
[Result "0-1"]
[WhiteElo "2172"]
[BlackElo "2357"]
[PlyCount "90"]
[EventDate "2024.03.12"]
[EventType "swiss (blitz)"]
[EventRounds "11"]
[EventCountry "USA"]
[SourceTitle "CB12_2024"]
[SourceDate "2023.10.01"]
[SourceVersion "1"]
[SourceVersionDate "2023.10.01"]
[SourceQuality "1"]

1. d4 Nf6 2. c4 a6 3. Nc3 c5 4. d5 b5 5. Nf3 b4 6. Na4 d6 7. b3 g6 8. Bb2 Bg7 9. e3 0-0 10. Bd3 Bd7 11. a3 Bxa4 12. bxa4 a5 13. axb4 axb4 14. 0-0 Nbd7 15. Ra2 Ra5 16. Nd2 Qa8 17. Qa1 Nb6 18. Bc2 Qa6 19. Bb3 Ra8 20. f3 Nxa4 21. Rxa4 Rxa4 22. Qxa4 Qxa4 23. Bxa4 Rxa4 24. Ra1 Rxa1+ 25. Bxa1 Nd7 26. Bxg7 Kxg7 27. Kf2 f5 28. Ke2 Kf6 29. f4 g5 30. g3 h6 31. Nf3 g4 32. Nd2 e6 33. e4 fxe4 34. Nxe4+ Ke7 35. dxe6 Kxe6 36. Kd3 d5 37. Nf2 Nf6 38. h3 h5 39. hxg4 hxg4 40. Nd1 d4 41. Nf2 Kf5 42. Nd1 Ne4 43. Nb2 Nxg3 44. Na4 Ne4 45. Nb6 g3 0-1

[Event "Titled Tuesday intern op 27th Feb Late"]
[Site "Chess.com INT"]
[Date "2024.02.27"]
[Round "6"]
[White "Gurevich, Dmitry"]
[Black "Girel, Joseph"]
[Result "1-0"]
[WhiteElo "2357"]
[BlackElo "2484"]
[PlyCount "131"]
[EventDate "2024.02.27"]
[EventType "swiss (blitz)"]
[EventRounds "11"]
[EventCountry "USA"]
[SourceTitle "CB10_2024"]
[SourceDate "2024.03.06"]
[SourceVersion "1"]
[SourceVersionDate "2024.03.06"]
[SourceQuality "1"]

1. d4 Nf6 2. c4 e6 3. Nf3 Bb4+ 4. Bd2 Be7 5. Nc3 0-0 6. g3 d5 7. cxd5 exd5 8. Bg2 c6 9. 0-0 Bf5 10. Nh4 Be6 11. Rb1 Nbd7 12. b4 b5 13. Nf3 a5 14. bxa5 Rxa5 15. a4 Bf5 16. Rb2 bxa4 17. Nxa4 Ra7 18. Bb4 Ne4 19. Bxe7 Qxe7 20. Nh4 Be6 21. Qc2 Qa3 22. Ra2 Qd6 23. Rfa1 Ndf6 24. Nc5 Rxa2 25. Rxa2 Nxc5 26. Qxc5 Qxc5 27. dxc5 Nd7 28. Ra5 Rb8 29. h3 Kf8 30. Nf3 Rb4 31. e3 Rc4 32. Nd4 Nxc5 33. Nxc6 g5 34. Nd4 Kg7 35. g4 Kf6 36. Bf3 h6 37. Kg2 Rc1 38. Rb5 Ke5 39. Nc6+ Kd6 40. Nd4 Nd3 41. Be2 Ne1+ 42. Kg3 Ke5 43. Rb6 Nc2 44. Rc6 h5 45. Rxc2 Rh1 46. Kg2 Ra1 47. gxh5 Ra8 48. Nxe6 fxe6 49. Rc6 d4 50. exd4+ Kxd4 51. Rxe6 Ra2 52. Re3 Ra6 53. Bg4 Rf6 54. Rf3 Rh6 55. Rf5 Ke4 56. Rxg5 Kf4 57. Rf5+ Ke4 58. Rf3 Rh7 59. Kg3 Rh6 60. Re3+ Kd5 61. Re6 Rh8 62. h6 Rh7 63. Kf4 Rf7+ 64. Kg5 Rxf2 65. Re8 Rf8 66. Rxf8 1-0

[Event "Titled Tuesday intern op 27th Feb Late"]
[Site "Chess.com INT"]
[Date "2024.02.27"]
[Round "2"]
[White "Gurevich, Dmitry"]
[Black "Hakobyan, Aram"]
[Result "0-1"]
[WhiteElo "2357"]
[BlackElo "2619"]
[PlyCount "94"]
[EventDate "2024.02.27"]
[EventType "swiss (blitz)"]
[EventRounds "11"]
[EventCountry "USA"]
[SourceTitle "CB10_2024"]
[SourceDate "2024.03.06"]
[SourceVersion "1"]
[SourceVersionDate "2024.03.06"]
[SourceQuality "1"]

1. d4 Nf6 2. c4 e6 3. Nf3 d5 4. Nc3 Nbd7 5. cxd5 exd5 6. Bf4 Bb4 7. e3 Ne4 8. Rc1 g5 9. Bg3 h5 10. h3 Qe7 11. Bh2 g4 12. hxg4 hxg4 13. Bd6 Bxc3+ 14. bxc3 Qf6 15. Be5 Rxh1 16. Bxf6 gxf3 17. gxf3 Nexf6 18. Kd2 c6 19. Qb3 Rh2 20. Be2 Nb6 21. Rg1 Rxf2 22. Ke1 Rh2 23. Qb4 Be6 24. Qd6 Rh8 25. e4 Rd8 26. Qc7 dxe4 27. fxe4 Nxe4 28. Qe5 Rh4 29. Rg8+ Kd7 30. Rxd8+ Kxd8 31. Qb8+ Nc8 32. Bd3 Rh1+ 33. Ke2 Nxc3+ 34. Kd2 Nd5 35. Qxb7 Rh2+ 36. Kc1 Nf4 37. Ba6 Ne2+ 38. Kd2 Nxd4+ 39. Kd3 Nf5 40. Qb8 Rh3+ 41. Ke4 Nfd6+ 42. Ke5 Rh5+ 43. Kf4 Rf5+ 44. Kg3 Ra5 45. Bxc8 Nxc8 46. Qb4 Rxa2 47. Qf8+ Kd7 0-1

[Event "Titled Tuesday intern op 27th Feb Late"]
[Site "Chess.com INT"]
[Date "2024.02.27"]
[Round "8"]
[White "Rustemov, Alexander"]
[Black "Gurevich, Dmitry"]
[Result "1-0"]
[WhiteElo "2525"]
[BlackElo "2357"]
[PlyCount "57"]
[EventDate "2024.02.27"]
[EventType "swiss (blitz)"]
[EventRounds "11"]
[EventCountry "USA"]
[SourceTitle "CB10_2024"]
[SourceDate "2024.03.06"]
[SourceVersion "1"]
[SourceVersionDate "2024.03.06"]
[SourceQuality "1"]

1. d4 Nf6 2. Bg5 c5 3. c3 e6 4. e3 b6 5. Nd2 Bb7 6. Ngf3 Be7 7. Bd3 0-0 8. Qe2 a6 9. a4 d6 10. h3 Nbd7 11. Bf4 Re8 12. 0-0 h6 13. Bh2 cxd4 14. exd4 Ra7 15. Nc4 Nf8 16. Nfd2 d5 17. Ne5 N6d7 18. Ndf3 Nxe5 19. Nxe5 Nd7 20. Rae1 Nxe5 21. Bxe5 Bd6 22. f4 Bxe5 23. fxe5 Qd7 24. Bc2 Qe7 25. Qd3 g6 26. Rf6 Rf8 27. h4 Bc6 28. h5 Be8 29. Ref1 1-0

[Event "Titled Tuesday intern op 27th Feb Late"]
[Site "Chess.com INT"]
[Date "2024.02.27"]
[Round "11"]
[White "Sahakyan, Aleks"]
[Black "Gurevich, Dmitry"]
[Result "1-0"]
[WhiteElo "2318"]
[BlackElo "2357"]
[PlyCount "79"]
[EventDate "2024.02.27"]
[EventType "swiss (blitz)"]
[EventRounds "11"]
[EventCountry "USA"]
[SourceTitle "CB10_2024"]
[SourceDate "2024.03.06"]
[SourceVersion "1"]
[SourceVersionDate "2024.03.06"]
[SourceQuality "1"]

1. e4 c5 2. Nc3 g6 3. d4 cxd4 4. Qxd4 Nf6 5. Nf3 Nc6 6. Qa4 d6 7. e5 dxe5 8. Nxe5 Bd7 9. Nxd7 Qxd7 10. Bb5 Bg7 11. 0-0 0-0 12. Rd1 Qc8 13. Bg5 a6 14. Bxc6 Qxc6 15. Qxc6 bxc6 16. Na4 h6 17. Bxf6 Bxf6 18. Nb6 Rab8 19. Nd7 Rxb2 20. Nxf8 Kxf8 21. a4 Rxc2 22. Rac1 Ra2 23. Rc4 c5 24. Rxc5 Rxa4 25. g3 h5 26. Kg2 Bd4 27. Rd5 e5 28. f4 Ra2+ 29. Kh3 Bc3 30. Rc1 Bd2 31. Rd1 Be3 32. Rxe5 Bf2 33. f5 Kg7 34. fxg6 fxg6 35. Re6 Kf7 36. Rc6 g5 37. Rd7+ Ke8 38. Rh7 g4+ 39. Kh4 Kd8 40. Rg6 1-0

[Event "Titled Tuesday intern op 13th Feb Early"]
[Site "Chess.com INT"]
[Date "2024.02.13"]
[Round "1"]
[White "Gurevich, Dmitry"]
[Black "Alonso Rosell, Alvar"]
[Result "0-1"]
[WhiteElo "2357"]
[BlackElo "2564"]
[PlyCount "48"]
[EventDate "2024.02.13"]
[EventType "swiss (blitz)"]
[EventRounds "11"]
[EventCountry "USA"]
[SourceTitle "CB08_2024"]
[SourceDate "2024.02.21"]
[SourceVersion "1"]
[SourceVersionDate "2024.02.21"]
[SourceQuality "1"]

1. d4 Nf6 2. c4 c5 3. Nf3 cxd4 4. Nxd4 e5 5. Nb5 d5 6. cxd5 Bc5 7. N5c3 0-0 8. g3 Ng4 9. e3 f5 10. Be2 Nd7 11. 0-0 Ndf6 12. Nd2 Qe8 13. Nf3 e4 14. Nd4 Qh5 15. h4 g5 16. Kg2 gxh4 17. Rh1 h3+ 18. Kg1 Kh8 19. Rh2 Qh6 20. Rh1 Rg8 21. b4 Bd6 22. Ne6 h2+ 23. Kg2 Nxf2 24. Qd4 Qh3+ 0-1

[Event "Titled Tuesday intern op 13th Feb Early"]
[Site "Chess.com INT"]
[Date "2024.02.13"]
[Round "8"]
[White "Gurevich, Dmitry"]
[Black "Karttunen, Mika"]
[Result "1/2-1/2"]
[WhiteElo "2357"]
[BlackElo "2485"]
[PlyCount "80"]
[EventDate "2024.02.13"]
[EventType "swiss (blitz)"]
[EventRounds "11"]
[EventCountry "USA"]
[SourceTitle "CB08_2024"]
[SourceDate "2024.02.21"]
[SourceVersion "1"]
[SourceVersionDate "2024.02.21"]
[SourceQuality "1"]

1. d4 Nf6 2. c4 e6 3. Nf3 d5 4. Nc3 Bb4 5. e3 0-0 6. Bd3 c5 7. 0-0 Nc6 8. cxd5 exd5 9. a3 Bxc3 10. bxc3 c4 11. Be2 Ne4 12. Bb2 Bf5 13. Ne1 Re8 14. g4 Bg6 15. f3 Nd6 16. Ng2 f5 17. h3 fxg4 18. hxg4 Qe7 19. Bc1 Na5 20. a4 Nb3 21. Ra2 Nxc1 22. Qxc1 Bd3 23. Rd2 Bxe2 24. Rxe2 Qg5 25. Qe1 h5 26. gxh5 Qxh5 27. Nf4 Qf7 28. Qg3 Nf5 29. Qg5 Rxe3 30. Rxe3 Nxe3 31. Re1 Nf5 32. Re5 Nh6 33. Nxd5 Qxf3 34. Ne7+ Kh8 35. Re6 Qd1+ 36. Kh2 Qc2+ 37. Kg1 Qb1+ 38. Kh2 Qc2+ 39. Kg1 Qb1+ 40. Kh2 Qc2+ 1/2-1/2

[Event "Titled Tuesday intern op 13th Feb Late"]
[Site "Chess.com INT"]
[Date "2024.02.13"]
[Round "4"]
[White "Gurevich, Dmitry"]
[Black "Merriman, John"]
[Result "0-1"]
[WhiteElo "2357"]
[BlackElo "2251"]
[PlyCount "76"]
[EventDate "2024.02.13"]
[EventType "swiss (blitz)"]
[EventRounds "11"]
[EventCountry "USA"]
[SourceTitle "CB08_2024"]
[SourceDate "2024.02.21"]
[SourceVersion "1"]
[SourceVersionDate "2024.02.21"]
[SourceQuality "1"]

1. d4 Nf6 2. c4 c5 3. Nf3 cxd4 4. Nxd4 Nc6 5. Nc3 g6 6. e4 d6 7. Be2 Bg7 8. Be3 0-0 9. 0-0 a6 10. Nb3 Qc7 11. Rc1 Be6 12. Nd5 Qd8 13. f3 Nd7 14. Qd2 Nde5 15. f4 Ng4 16. Bxg4 Bxg4 17. f5 e6 18. f6 Bh8 19. Nb6 Rb8 20. h3 Bh5 21. c5 Bxf6 22. Qxd6 Bxb2 23. Rc2 Be5 24. Qxd8 Rbxd8 25. g4 Rd3 26. Re2 f5 27. exf5 exf5 28. gxh5 f4 29. Bf2 Rxh3 30. hxg6 f3 31. Rxe5 Nxe5 32. Bd4 Nd3 33. Nd7 Rf5 34. Nf6+ Kf8 35. Nxh7+ Ke8 36. g7 Rg3+ 37. Kh2 Rg2+ 38. Kh3 Rh5# 0-1

[Event "Titled Tuesday intern op 13th Feb Late"]
[Site "Chess.com INT"]
[Date "2024.02.13"]
[Round "11"]
[White "Gurevich, Dmitry"]
[Black "Romero Ruscalleda, Josep"]
[Result "1-0"]
[WhiteElo "2357"]
[BlackElo "2157"]
[PlyCount "151"]
[EventDate "2024.02.13"]
[EventType "swiss (blitz)"]
[EventRounds "11"]
[EventCountry "USA"]
[SourceTitle "CB08_2024"]
[SourceDate "2024.02.21"]
[SourceVersion "1"]
[SourceVersionDate "2024.02.21"]
[SourceQuality "1"]

1. d4 g6 2. e4 Bg7 3. c4 d6 4. Nc3 Nc6 5. Nge2 e5 6. Be3 exd4 7. Nxd4 Nge7 8. h4 h5 9. Be2 0-0 10. Qd2 Nxd4 11. Bxd4 Be6 12. 0-0-0 f6 13. f3 Nc6 14. Be3 Ne5 15. b3 a6 16. g4 hxg4 17. h5 g5 18. h6 Bh8 19. h7+ Kf7 20. fxg4 Bxg4 21. Bxg4 Nxg4 22. Qd5+ Kg7 23. Bd4 Ne5 24. Rdg1 Qe7 25. Ne2 c6 26. Qa5 b5 27. Nf4 bxc4 28. Bxe5 dxe5 29. Nh5+ Kg6 30. Ng3 Bg7 31. Qd2 cxb3 32. Qe2 Qc5+ 33. Kb2 Qc2+ 34. Qxc2 bxc2 35. Nf5 Rh8 36. Kxc2 Rae8 37. Rd1 Rxh7 38. Rxh7 Kxh7 39. Rd7 Rg8 40. Kd3 Kg6 41. Ne7+ Kf7 42. Nxg8+ Kxg8 43. Ke3 Bf8 44. Kf3 c5 45. Kg4 c4 46. Rc7 c3 47. Rxc3 Kf7 48. Kf5 Be7 49. Rc6 a5 50. Ra6 Bb4 51. Ra7+ Be7 52. Rxa5 Kf8 53. Ra7 Ke8 54. Ke6 Bd8 55. Rh7 Be7 56. Rxe7+ Kf8 57. Rf7+ Kg8 58. Rxf6 Kg7 59. Rf5 Kg6 60. Rxe5 g4 61. Rf5 g3 62. Rf1 Kg5 63. Rg1 Kf4 64. Rxg3 Kxe4 65. Rg4+ Kd3 66. Rb4 Kc3 67. Rb8 Kc4 68. a4 Kc5 69. a5 Kc6 70. a6 Kc7 71. a7 Kc6 72. a8Q+ Kc5 73. Qa7+ Kc4 74. Rb6 Kd3 75. Qa5 Ke4 76. Rb4+ 1-0

[Event "Titled Tuesday intern op 13th Feb Late"]
[Site "Chess.com INT"]
[Date "2024.02.13"]
[Round "7"]
[White "Gurevich, Dmitry"]
[Black "Zavgorodniy, Sergiy"]
[Result "1-0"]
[WhiteElo "2357"]
[BlackElo "2401"]
[PlyCount "97"]
[EventDate "2024.02.13"]
[EventType "swiss (blitz)"]
[EventRounds "11"]
[EventCountry "USA"]
[SourceTitle "CB08_2024"]
[SourceDate "2024.02.21"]
[SourceVersion "1"]
[SourceVersionDate "2024.02.21"]
[SourceQuality "1"]

1. d4 d5 2. c4 dxc4 3. e3 Nf6 4. Bxc4 e6 5. Nf3 a6 6. 0-0 b5 7. Bd3 Bb7 8. a4 b4 9. Qe2 Nbd7 10. Nbd2 c5 11. Nb3 cxd4 12. exd4 Bd5 13. Bc4 Be7 14. Ne5 0-0 15. Bxd5 Nxd5 16. Nc6 Qb6 17. Nxe7+ Nxe7 18. a5 Qb7 19. Bf4 Nd5 20. Bd6 Rfc8 21. Nc5 Nxc5 22. dxc5 Rc6 23. f4 g6 24. Qe4 Rac8 25. Rad1 Qb5 26. f5 gxf5 27. Qh4 Rxd6 28. cxd6 Qc5+ 29. Kh1 Qxd6 30. Qg5+ Kf8 31. Rc1 Rc5 32. Rxc5 Qxc5 33. Rc1 Nc3 34. bxc3 b3 35. Qd8+ Kg7 36. Qb6 Qa3 37. Rb1 e5 38. Qxb3 Qxa5 39. h3 e4 40. Qb4 Qc7 41. Qd4+ f6 42. Rb6 Qf7 43. Rxa6 Kg6 44. Rd6 h5 45. c4 h4 46. c5 Kg5 47. c6 Qe7 48. Qxf6+ Qxf6 49. Rxf6 1-0

[Event "Titled Tuesday intern op 13th Feb Early"]
[Site "Chess.com INT"]
[Date "2024.02.13"]
[Round "10"]
[White "Mirzoev, Azer"]
[Black "Gurevich, Dmitry"]
[Result "0-1"]
[WhiteElo "2447"]
[BlackElo "2357"]
[PlyCount "52"]
[EventDate "2024.02.13"]
[EventType "swiss (blitz)"]
[EventRounds "11"]
[EventCountry "USA"]
[SourceTitle "CB08_2024"]
[SourceDate "2024.02.21"]
[SourceVersion "1"]
[SourceVersionDate "2024.02.21"]
[SourceQuality "1"]

1. c4 c5 2. Nc3 b6 3. e4 Bb7 4. d3 g6 5. h4 h5 6. g3 Bg7 7. Bg2 d6 8. Nh3 Nd7 9. 0-0 Rb8 10. f4 Ngf6 11. f5 gxf5 12. Rxf5 Ng4 13. Bg5 Bd4+ 14. Kh1 f6 15. Bd2 Nde5 16. Qe2 a6 17. Raf1 Kd7 18. Qe1 Qg8 19. Nd1 Nxd3 20. Qe2 Nde5 21. b3 Qg7 22. Bc3 Rbg8 23. Bxd4 cxd4 24. Nf4 Nh6 25. Nxh5 Nxf5 26. Nxg7 Nxg3+ 0-1

[Event "Titled Tuesday intern op 13th Feb Early"]
[Site "Chess.com INT"]
[Date "2024.02.13"]
[Round "9"]
[White "Zarnicki, Pablo Adrian"]
[Black "Gurevich, Dmitry"]
[Result "1-0"]
[WhiteElo "2514"]
[BlackElo "2357"]
[PlyCount "85"]
[EventDate "2024.02.13"]
[EventType "swiss (blitz)"]
[EventRounds "11"]
[EventCountry "USA"]
[SourceTitle "CB08_2024"]
[SourceDate "2024.02.21"]
[SourceVersion "1"]
[SourceVersionDate "2024.02.21"]
[SourceQuality "1"]

1. e4 c5 2. Nf3 d6 3. Bb5+ Bd7 4. a4 Nc6 5. 0-0 Nf6 6. Re1 g6 7. c3 a6 8. Bxc6 Bxc6 9. d4 Bg7 10. d5 Bd7 11. Bg5 h6 12. Bh4 0-0 13. Nbd2 g5 14. Bg3 Nh5 15. a5 Nxg3 16. hxg3 b5 17. axb6 Qxb6 18. Nc4 Qc7 19. e5 Bb5 20. exd6 exd6 21. Ne3 f5 22. Qc2 Qf7 23. g4 fxg4 24. Nxg4 Bd7 25. Ne3 Rae8 26. Rxa6 g4 27. Nh2 h5 28. Rxd6 Be5 29. Rg6+ Bg7 30. Nhf1 Kh8 31. Ra1 Re7 32. Ng3 h4 33. Nh5 g3 34. Rxg7 Qxf2+ 35. Qxf2 gxf2+ 36. Kf1 Rxg7 37. Nxg7 Kxg7 38. Ra7 Rf7 39. c4 h3 40. Rxd7 h2 41. Nf5+ Kf6 42. Rxf7+ Kxf7 43. Ng3 1-0

[Event "Titled Tuesday intern op 23rd Jan Late"]
[Site "Chess.com INT"]
[Date "2024.01.23"]
[Round "4"]
[White "Chemin, Justo Reinaldo"]
[Black "Gurevich, Dmitry"]
[Result "0-1"]
[WhiteElo "2040"]
[BlackElo "2374"]
[PlyCount "100"]
[EventDate "2024.01.23"]
[EventType "swiss (blitz)"]
[EventRounds "11"]
[EventCountry "USA"]
[SourceTitle "CB05_2024"]
[SourceDate "2024.01.31"]
[SourceVersion "1"]
[SourceVersionDate "2024.01.31"]
[SourceQuality "1"]

1. e4 c5 2. Nf3 d6 3. d4 cxd4 4. Nxd4 Nf6 5. Nc3 Nc6 6. Bg5 g6 7. Bxf6 exf6 8. Bb5 Bd7 9. 0-0 Be7 10. Qd2 0-0 11. Bxc6 bxc6 12. Rad1 Rb8 13. b3 Re8 14. Nde2 f5 15. Ng3 fxe4 16. Ncxe4 d5 17. c4 Bg4 18. f3 dxe4 19. fxg4 Qb6+ 20. Kh1 Rbd8 21. Qe2 Rxd1 22. Rxd1 e3 23. Qf3 Bg5 24. Ne2 Qc7 25. g3 Bh6 26. Kg2 Rd8 27. Rxd8+ Qxd8 28. Qxc6 Qd2 29. Qf3 Qxa2 30. h4 Qd2 31. g5 Bf8 32. Kh3 Qd7+ 33. g4 Bc5 34. Nf4 Bd4 35. Qd5 Qxd5 36. cxd5 Be5 37. Ne2 Kf8 38. Kg2 Ke7 39. Kf3 Kd6 40. Kxe3 Kxd5 41. Kd3 a5 42. Ng1 Bg3 43. Nf3 Kc5 44. h5 Kb4 45. hxg6 hxg6 46. Kc2 Bf4 47. Nd4 Kc5 48. Nc6 Kxc6 49. Kd3 Kd5 50. Ke2 Kc5 0-1